Statistics for Countries by Number of Pigs

Click here to take the quiz!

General Stats

  • This quiz has been taken 91 times
  • The average score is 15 of 20

Answer Stats

PigsCountry% Correct
67,726,000United States
99%
480,093,253China
96%
28,338,990Germany
91%
19,081,411Russia
91%
37,929,357Brazil
88%
13,054,800Canada
88%
16,098,680Mexico
88%
10,000,000India
87%
13,322,897France
86%
26,567,600Spain
86%
8,676,100Italy
82%
9,537,000Japan
80%
11,724,056Poland
75%
7,922,200Ukraine
74%
10,090,286South Korea
66%
12,238,000Netherlands
63%
26,761,600Vietnam
63%
11,797,451Philippines
53%
13,932,000Myanmar
45%
12,331,707Denmark
43%

Score Distribution

Percentile by Number Answered

Percent of People with Each Score

Your Score History

You have not taken this quiz